[Event "GRE-ch U08"]
[Site "Peristeri"]
[Date "2024.06.25"]
[Round "5"]
[White "Di Giorgio, Nikolaos"]
[Black "Borisov, Filippos"]
[Result "0-1"]
[WhiteElo "830"]
[BlackElo "1423"]
[PlyCount "40"]
[EventDate "2024.06.22"]
[EventType "swiss"]
[EventRounds "9"]
[EventCountry "GRE"]
[SourceTitle "EXT 2025"]
[Source "ChessBase"]
[SourceDate "2024.10.14"]
[SourceVersion "1"]
[SourceVersionDate "2024.10.14"]
[SourceQuality "1"]

1. e4 e5 2. Nf3 Nc6 3. Bc4 Nf6 4. Ng5 d5 5. exd5 Na5 6. Bb3 Nxb3 7. cxb3 Nxd5 8. d3 Bb4+ 9. Nc3 Nxc3 10. Qd2 Nd5 11. Ne4 Bxd2+ 12. Bxd2 0-0 13. 0-0 Nf4 14. g3 Qxd3 15. Rfe1 Ne2+ 16. Rxe2 Qxe2 17. Re1 Qf3 18. Ng5 Qd3 19. Bc1 h6 20. Ne4 Bh3 0-1